[Event "?"]
[Site "ICS Rated blitz match, 192.23"]
[Date "1997.??.??"]
[Round "?"]
[White "Brause"]
[Black "illich"]
[Result "0-1"]
[WhiteElo "2530"]
[BlackElo "2035"]
[PlyCount "51"]

1. e4 e5 2. Nf3 Nc6 3. Nc3 Nf6 4. Nxe5 Nxe5 5. d4 Ng6 6. e5 Ng8 7. Bc4 d5 8.
Bxd5 c6 9. Bf3 Bb4 10. O-O Bxc3 11. bxc3 N8e7 12. Be4 Bf5 13. Bxf5 Nxf5 14. Ba3
Nfe7 15. Rb1 Qd7 16. Bd6 O-O 17. Qf3 f6 18. Qd3 fxe5 19. dxe5 Rfe8 20. Rfd1 Qe6
21. Rxb7 Rad8 22. Re1 Nf5 23. Rxa7 Rxd6 24. exd6 Qxe1+ 25. Qf1 Nf4 26. g3 0-1

[Event "?"]
[Site "ICS Rated blitz match, 192.23"]
[Date "1997.??.??"]
[Round "?"]
[White "Brause"]
[Black "humanoid"]
[Result "1-0"]
[WhiteElo "2510"]
[BlackElo "2390"]
[PlyCount "109"]

1. e4 e5 2. Nf3 Nc6 3. Nc3 Nf6 4. Nxe5 Nxe5 5. d4 Ng6 6. e5 Ng8 7. Bc4 f5 8.
Qh5 d6 9. e6 Nf6 10. Qxf5 c6 11. O-O d5 12. Bd3 Bb4 13. Bg5 O-O 14. Qh3 Qd6 15.
Rae1 Nf4 16. Bxf4 Qxf4 17. Qe3 Qxe3 18. Rxe3 Bxc3 19. bxc3 Re8 20. Rfe1 b6 21.
c4 Ba6 22. cxd5 Bxd3 23. Rxd3 cxd5 24. f3 Rac8 25. Re2 Kf8 26. Ra3 Rc7 27. h4
Ke7 28. g4 Rec8 29. Kf2 a5 30. Rb3 Rc6 31. Rb2 Rb8 32. Re5 Rxe6 33. g5 Nd7 34.
Rxd5 Rd6 35. Rxd6 Kxd6 36. c4 Re8 37. h5 Kc6 38. Re2 Rxe2+ 39. Kxe2 h6 40. f4
Kd6 41. Kd3 Ke6 42. Ke4 a4 43. a3 b5 44. cxb5 Nb6 45. f5+ Ke7 46. f6+ gxf6 47.
gxh6 Kf7 48. d5 Nc4 49. h7 Kg7 50. Kd4 Ne5 51. h8=Q+ Kxh8 52. d6 Kg7 53. Kd5
Kh6 54. Ke6 Kxh5 55. d7 1-0

[Event "?"]
[Site "ICS Rated blitz match, 192.23"]
[Date "1997.??.??"]
[Round "?"]
[White "Brause"]
[Black "humanoid"]
[Result "1-0"]
[WhiteElo "2520"]
[BlackElo "2380"]
[PlyCount "43"]

1. e4 e5 2. Nf3 Nc6 3. Nc3 Nf6 4. Nxe5 Nxe5 5. d4 Ng6 6. e5 Ng8 7. Bc4 f5 8.
Qh5 d6 9. e6 Nf6 10. Qxf5 c6 11. d5 b5 12. Nxb5 cxb5 13. Bxb5+ Ke7 14. O-O Rb8
15. Be2 Qa5 16. c4 Ba6 17. Qc2 Ke8 18. Bd2 Qb6 19. Qa4+ Ke7 20. Be3 Qb7 21. b4
Ne5 22. b5 1-0

[Event "?"]
[Site "ICS Rated blitz match, 192.23"]
[Date "1997.??.??"]
[Round "?"]
[White "Brause"]
[Black "humanoid"]
[Result "1-0"]
[WhiteElo "2530"]
[BlackElo "2370"]
[PlyCount "107"]

1. e4 e5 2. Nf3 Nc6 3. Nc3 Nf6 4. Nxe5 Nxe5 5. d4 Ng6 6. e5 Ng8 7. Bc4 f5 8.
Qh5 d6 9. e6 Nf6 10. Qxf5 c6 11. d5 Be7 12. dxc6 bxc6 13. Bg5 O-O 14. Qh3 d5
15. O-O-O Rb8 16. f3 Qb6 17. Bb3 Ba6 18. Rhe1 Bc4 19. Na4 Qb4 20. a3 Qa5 21.
Bxf6 Rxf6 22. Qg3 Rff8 23. Re3 Bxb3 24. cxb3 Qd8 25. Kb1 Qd6 26. b4 Qxg3 27.
hxg3 Bd6 28. Nc5 Bxc5 29. bxc5 Rbe8 30. Kc2 Rf6 31. Rde1 Nf8 32. e7 Ng6 33. Rb3
Rf7 34. Re6 Rfxe7 35. Rxc6 Re2+ 36. Kb1 R2e6 37. Rxe6 Rxe6 38. Rb8+ Kf7 39.
Rb7+ Kf6 40. Rxa7 Ne5 41. Kc2 Nc6 42. Rd7 Ke5 43. Rxg7 d4 44. Rxh7 Kd5 45. Rh5+
Re5 46. Rxe5+ Nxe5 47. b4 Kc4 48. f4 Nc6 49. Kd2 d3 50. g4 Nd4 51. f5 Nb3+ 52.
Kd1 Kc3 53. c6 Nd4 54. c7 1-0

[Event "?"]
[Site "ICS Rated blitz match, 192.23"]
[Date "1997.??.??"]
[Round "?"]
[White "Brause"]
[Black "humanoid"]
[Result "0-1"]
[WhiteElo "2540"]
[BlackElo "2360"]
[PlyCount "164"]

1. e4 e5 2. Nf3 Nc6 3. Nc3 Nf6 4. Nxe5 Nxe5 5. d4 Ng6 6. e5 Ng8 7. Bc4 f5 8.
Qh5 d6 9. e6 Nf6 10. Qxf5 c6 11. d5 Be7 12. O-O O-O 13. dxc6 bxc6 14. Qh3 d5
15. Bd3 Qd6 16. Bxg6 hxg6 17. Re1 Nh5 18. Qd3 Nf4 19. Bxf4 Qxf4 20. Re2 Qf5 21.
Kh1 Qxd3 22. cxd3 Ba6 23. Rd1 Rf4 24. b3 Rd4 25. Re3 Rf8 26. Ne2 Rg4 27. f3 Rg5
28. Rc1 Bb7 29. Nd4 c5 30. Nb5 a6 31. Na3 c4 32. Nc2 cxb3 33. axb3 Bf6 34. Re2
Re5 35. Rxe5 Bxe5 36. Re1 Bf6 37. Kg1 Rc8 38. Re2 Kf8 39. Kf2 Ke7 40. Nb4 a5
41. Nc2 Ba6 42. Ne3 Bb7 43. Nc2 Rc3 44. b4 a4 45. Ne1 a3 46. Ra2 Rb3 47. Nc2
Rb2 48. Rxb2 axb2 49. Na3 Bc3 50. b5 Bb4 51. Nb1 Kxe6 52. Ke3 Ke5 53. d4+ Kd6
54. Kd3 Bc8 55. Kc2 Bf5+ 56. Kxb2 Bxb1 57. Kxb1 Bc3 58. Kc2 Bxd4 59. Kd3 Bg1
60. h4 Bf2 61. h5 gxh5 62. Ke2 Bb6 63. f4 Ke6 64. Kf3 Kf5 65. g3 g6 66. Kg2 Kg4
67. Kh2 Kf3 68. f5 gxf5 69. g4 Kxg4 70. Kg2 f4 71. Kh2 h4 72. Kg2 f3+ 73. Kf1
Kg3 74. Ke1 Kg2 75. Kd2 f2 76. Kc3 f1=Q 77. Kd2 Bd4 78. b6 Qf3 79. Kc1 Qe2 80.
b7 Qb2+ 81. Kd1 Bc3 82. b8=Q Qd2# 0-1

[Event "?"]
[Site "ICS Rated blitz match, 192.23"]
[Date "1997.??.??"]
[Round "?"]
[White "Brause"]
[Black "humanoid"]
[Result "1-0"]
[WhiteElo "2515"]
[BlackElo "2385"]
[PlyCount "73"]

1. e4 e5 2. Nf3 Nc6 3. Nc3 Nf6 4. Nxe5 Nxe5 5. d4 Ng6 6. e5 Ng8 7. Bc4 f5 8.
Qh5 d6 9. e6 Nf6 10. Qxf5 c6 11. d5 Be7 12. O-O O-O 13. dxc6 bxc6 14. Qh3 d5
15. Bd3 Qd6 16. Re1 Nf4 17. Bxf4 Qxf4 18. Rab1 g6 19. g3 Qg4 20. Qg2 Ne8 21.
Re3 Nd6 22. h3 Qg5 23. f4 Qf6 24. Re5 a5 25. Qe2 Nf5 26. Bxf5 gxf5 27. Kh1 Ba6
28. Qe3 Bd6 29. e7 Rfe8 30. Re6 Rxe7 31. Rxf6 Rxe3 32. Rxd6 Rxg3 33. Rg1 Rxg1+
34. Kxg1 Bb7 35. Rd7 Rb8 36. b3 c5 37. Nxd5 1-0

[Event "?"]
[Site "ICS Rated blitz match, 192.23"]
[Date "1997.??.??"]
[Round "?"]
[White "Brause"]
[Black "humanoid"]
[Result "1-0"]
[WhiteElo "2525"]
[BlackElo "2375"]
[PlyCount "181"]

1. e4 e5 2. Nf3 Nc6 3. Nc3 Nf6 4. Nxe5 Nxe5 5. d4 Ng6 6. e5 Ng8 7. Bc4 f5 8.
Qh5 d6 9. e6 Nf6 10. Qxf5 c6 11. O-O Be7 12. Bd3 O-O 13. Qh3 d5 14. Bxg6 hxg6
15. Re1 Ne8 16. g3 Nc7 17. Bf4 Rf6 18. Bxc7 Qxc7 19. Re3 b6 20. Rae1 Ba6 21.
Nd1 Re8 22. b3 Bc8 23. Nb2 Bd6 24. Nd3 Re7 25. Qg4 Qd8 26. c4 Qe8 27. cxd5 cxd5
28. Ne5 Bxe5 29. dxe5 Rfxe6 30. Qd4 Qf7 31. Qxd5 Bb7 32. Qd3 Rd7 33. Qe2 Qe7
34. Qc2 Rc7 35. Qb2 Qc5 36. Rd1 Qc6 37. f3 g5 38. Qd4 Rf7 39. Qg4 Re8 40. Rf1
Qg6 41. Rf2 Rfe7 42. Qc4+ Kh7 43. Rfe2 g4 44. Qxg4 Qxg4 45. fxg4 Kg6 46. Re1
Kf7 47. h4 Ke6 48. Rd1 Rd7 49. Rxd7 Kxd7 50. h5 Ke7 51. Rc3 Rd8 52. g5 Kd7 53.
Rd3+ Ke7 54. Rxd8 Kxd8 55. h6 Be4 56. hxg7 Bh7 57. Kf2 Bg8 58. Ke3 Ke7 59. g6
Be6 60. g4 Bg8 61. Ke4 Ke6 62. b4 a6 63. a4 a5 64. bxa5 bxa5 65. Kf4 Kd7 66.
Kf5 Ke7 67. g5 Be6+ 68. Kf4 Bc4 69. Ke4 Bg8 70. Ke3 Bb3 71. Kf2 Bg8 72. Kg3 Bd5
73. Kh4 Bg8 74. Kg4 Bd5 75. e6 Bxe6+ 76. Kf4 Bg8 77. Kg3 Bb3 78. Kf2 Bg8 79.
Ke3 Ke6 80. Ke4 Kd6 81. Kd4 Ke6 82. Kc5 Kf5 83. Kb6 Kxg6 84. Kxa5 Kxg7 85. Kb6
Kg6 86. Kb5 Kxg5 87. Kb6 Bd5 88. Kb5 Bf3 89. Kb6 Be4 90. a5 Bf3 91. Kc7 1-0

[Event "?"]
[Site "ICS Rated blitz match, 192.23"]
[Date "1997.??.??"]
[Round "?"]
[White "Brause"]
[Black "humanoid"]
[Result "1-0"]
[WhiteElo "2510"]
[BlackElo "2390"]
[PlyCount "77"]

1. e4 e5 2. Nf3 Nc6 3. Nc3 Nf6 4. Nxe5 Nxe5 5. d4 Ng6 6. e5 Ng8 7. Bc4 f5 8.
Qh5 d6 9. e6 Nf6 10. Qxf5 c6 11. O-O Be7 12. Bd3 O-O 13. Qh3 d5 14. Bxg6 hxg6
15. Re1 Qd6 16. Bd2 Nh5 17. Re2 Nf4 18. Bxf4 Qxf4 19. Rd1 Qf5 20. Kh1 Qxh3 21.
gxh3 Bb4 22. Nb1 Re8 23. c3 Bd6 24. Rde1 b6 25. a3 Ba6 26. Re3 Re7 27. Kg2 Rf8
28. c4 Bxc4 29. Nd2 Ba6 30. Nf3 Bb7 31. R3e2 c5 32. a4 Rf4 33. Rd2 Re4 34. dxc5
Bxc5 35. Rxe4 dxe4 36. Rd8+ Kh7 37. Ng5+ Kh6 38. h4 e3+ 39. f3 1-0

[Event "?"]
[Site "ICS Rated blitz match, 192.23"]
[Date "1997.??.??"]
[Round "?"]
[White "Brause"]
[Black "humanoid"]
[Result "1-0"]
[WhiteElo "2525"]
[BlackElo "2375"]
[PlyCount "83"]

1. e4 e5 2. Nf3 Nc6 3. Nc3 Nf6 4. Nxe5 Nxe5 5. d4 Ng6 6. e5 Ng8 7. Bc4 f5 8.
Qh5 d6 9. e6 Nf6 10. Qxf5 Be7 11. Bg5 O-O 12. O-O c6 13. Bb3 Nd5 14. Bxe7 Ngxe7
15. Qg4 Nxc3 16. bxc3 d5 17. Rfe1 Qe8 18. c4 dxc4 19. Bxc4 Qg6 20. Qxg6 hxg6
21. f3 b6 22. Rad1 Bb7 23. Re3 Rad8 24. Ra3 a5 25. Rb3 b5 26. a4 b4 27. Rbd3
Rfe8 28. c3 Nd5 29. cxb4 axb4 30. Rb3 Kh7 31. Bxd5 cxd5 32. Rxb4 Bc6 33. Re1
Rd6 34. e7 Rd7 35. a5 Rexe7 36. Rxe7 Rxe7 37. Rb6 Ba8 38. Ra6 Re8 39. Kf2 Kh6
40. g3 Kg5 41. f4+ Kf5 42. Kf3 1-0

[Event "?"]
[Site "ICS Rated blitz match, 192.23"]
[Date "1997.??.??"]
[Round "?"]
[White "Brause"]
[Black "humanoid"]
[Result "1-0"]
[WhiteElo "2535"]
[BlackElo "2365"]
[PlyCount "127"]

1. e4 e5 2. Nf3 Nc6 3. Nc3 Nf6 4. Nxe5 Nxe5 5. d4 Ng6 6. e5 Ng8 7. Bc4 f5 8.
Qh5 d6 9. e6 Nf6 10. Qxf5 Be7 11. O-O O-O 12. Qh3 c6 13. Bd3 d5 14. Rb1 Qd6 15.
Re1 Nf4 16. Bxf4 Qxf4 17. Ne2 Qg4 18. Bxh7+ Kh8 19. Bf5+ Qxh3 20. Bxh3 Nh5 21.
g3 Bd6 22. Nc3 Re8 23. Bf5 Nf6 24. Re3 b6 25. b3 Ba6 26. Ne2 Re7 27. Nc3 Ng8
28. Rbe1 Nh6 29. Bh3 Rf8 30. Rd1 Bc8 31. Nb1 Nf5 32. Rf3 Bxe6 33. g4 Ref7 34.
gxf5 Bxf5 35. Bxf5 Rxf5 36. Rxf5 Rxf5 37. Rd3 Kg8 38. h3 Bf4 39. Nc3 Rf7 40.
Ne2 Bh6 41. Kg2 Re7 42. Ng3 Re1 43. Nf5 Bg5 44. b4 Bf6 45. Ra3 g6 46. Nh6+ Kg7
47. Ng4 Bxd4 48. Rxa7+ Kh8 49. Rc7 c5 50. bxc5 bxc5 51. c3 Bxc3 52. Rxc5 d4 53.
a4 Re6 54. Rc7 Ba5 55. Rd7 Bc3 56. f4 Ra6 57. Ne5 Rxa4 58. Nxg6+ Kg8 59. f5 Ra5
60. h4 Ra2+ 61. Kf3 Ra3 62. f6 Bb4+ 63. Ke4 Ra8 64. Rg7# 1-0

[Event "?"]
[Site "ICS Rated blitz match, 192.23"]
[Date "1997.??.??"]
[Round "?"]
[White "Brause"]
[Black "humanoid"]
[Result "1-0"]
[WhiteElo "2540"]
[BlackElo "2360"]
[PlyCount "37"]

1. e4 e5 2. Nf3 Nc6 3. Nc3 Nf6 4. Nxe5 Nxe5 5. d4 Ng6 6. e5 Ng8 7. Bc4 f5 8.
Qh5 d6 9. e6 Nf6 10. Qxf5 Be7 11. Bg5 O-O 12. O-O c6 13. Bc1 d5 14. Bd3 Ne4 15.
Qg4 Nxc3 16. bxc3 Qd6 17. Re1 Nf4 18. Bf5 g6 19. Bxf4 1-0

[Event "?"]
[Site "ICS Rated blitz match, 192.23"]
[Date "1997.??.??"]
[Round "?"]
[White "Brause"]
[Black "humanoid"]
[Result "1-0"]
[WhiteElo "2550"]
[BlackElo "2350"]
[PlyCount "85"]

1. e4 e5 2. Nf3 Nc6 3. Nc3 Nf6 4. Nxe5 Nxe5 5. d4 Ng6 6. e5 Ng8 7. Bc4 f5 8.
Qh5 d6 9. e6 Nf6 10. Qxf5 Be7 11. O-O O-O 12. Be3 c6 13. Bd3 d5 14. Rae1 Ne4
15. Qh3 Nxc3 16. bxc3 Qd6 17. Bd2 Rf6 18. Bf5 b6 19. Bg5 Rf8 20. Bxe7 Qxe7 21.
Bxg6 hxg6 22. Re3 Ba6 23. Ra1 Rf5 24. Qg4 Raf8 25. Qg3 Rg5 26. Qh3 Rgf5 27. Qg3
Qf6 28. e7 Re8 29. Rae1 Bc8 30. f3 Rf4 31. Re5 Rf5 32. R5e2 Rf4 33. h3 Kf7 34.
Re5 Rf5 35. R5e3 Rf4 36. R3e2 Qh4 37. Qh2 Rf5 38. Qc7 Rg5 39. g4 Qxh3 40. Qf4+
Rf5 41. gxf5 Qxf5 42. Qc7 Qg5+ 43. Rg2 1-0

[Event "?"]
[Site "ICS Rated blitz match, 192.23"]
[Date "1997.??.??"]
[Round "?"]
[White "Brause"]
[Black "humanoid"]
[Result "1/2-1/2"]
[WhiteElo "2560"]
[BlackElo "2340"]
[PlyCount "311"]

1. e4 e5 2. Nf3 Nc6 3. Nc3 Nf6 4. Nxe5 Nxe5 5. d4 Ng6 6. e5 Ng8 7. Bc4 f5 8.
Qh5 d6 9. e6 Nf6 10. Qxf5 Be7 11. O-O O-O 12. Qh3 c6 13. Bd3 d5 14. Re1 Qd6 15.
Bxg6 hxg6 16. Bd2 Nh5 17. Na4 b6 18. b4 Nf4 19. Qc3 Nxe6 20. Rad1 Bg5 21. Rxe6
Bxe6 22. Bxg5 Bf5 23. Re1 Rae8 24. Re5 Rxe5 25. dxe5 Qe6 26. a3 Re8 27. f4 Be4
28. h3 Rc8 29. Qd2 c5 30. b5 d4 31. Nb2 Qa2 32. c3 Qb1+ 33. Kh2 Qc2 34. Qxc2
Bxc2 35. cxd4 cxd4 36. Bh4 Be4 37. Nd1 Kf7 38. Bg3 Rc2 39. Nf2 Bf5 40. Bh4 d3
41. Kg3 d2 42. Kf3 Be6 43. Ke3 Bb3 44. Nd1 Ra2 45. Nc3 Rc2 46. Nd1 Rc1 47. Kxd2
Rxd1+ 48. Kc3 Bd5 49. g3 Rh1 50. Kd4 Ke6 51. g4 Rd1+ 52. Ke3 Ra1 53. Kd4 Rd1+
54. Ke3 Bg2 55. Ke2 Ra1 56. Be1 Rxa3 57. Bb4 Ra2+ 58. Ke3 Bxh3 59. g5 Bg4 60.
Bf8 Kd5 61. Kd3 Ra3+ 62. Bxa3 Be6 63. Kc3 Ke4 64. Bd6 Kxf4 65. Bb8 Kxg5 66.
Bxa7 Kf5 67. Bxb6 Bd7 68. Kd4 Bxb5 69. Bd8 Bd7 70. Bh4 Be6 71. Be7 Ba2 72. Bf8
g5 73. Bxg7 g4 74. Ke3 Be6 75. Bf6 Bd5 76. Kd4 Be6 77. Bh4 Ba2 78. Bg3 Bf7 79.
Kc5 Ba2 80. e6 Bxe6 81. Kd4 Ba2 82. Ke3 Bd5 83. Kd3 Ba2 84. Ke2 Be6 85. Kf2 Ba2
86. Ke1 Bf7 87. Kd1 Ke4 88. Ke2 Bd5 89. Kf2 Bc4 90. Kg2 Be2 91. Be1 Kf5 92. Kg3
Bd1 93. Bd2 Ke4 94. Bg5 Kd3 95. Bf4 Be2 96. Be5 Kc2 97. Bd6 Kd1 98. Kf4 Ke1 99.
Be5 Kf2 100. Bd4+ Kg2 101. Ke3 Bd1 102. Be5 Bc2 103. Kf4 Kh3 104. Bd6 g3 105.
Bc5 g2 106. Bg1 Bb3 107. Ke5 Bg8 108. Kd6 Kg3 109. Kc5 Kf3 110. Kd4 Ke2 111.
Be3 Kf1 112. Ke5 Ba2 113. Bd4 Bb3 114. Ke4 Ke2 115. Ke5 Bc2 116. Kd5 Bb1 117.
Ke5 Bc2 118. Ke6 Bb1 119. Kd5 Bc2 120. Kc4 Bg6 121. Kd5 Bh7 122. Ke5 Bg8 123.
Kf6 Ba2 124. Ke5 Bg8 125. Ke4 Ba2 126. Kf4 Bg8 127. Bc5 Ba2 128. Ke5 Bb1 129.
Kd5 Bh7 130. Bd4 Bc2 131. Ke5 Bh7 132. Kd6 Bc2 133. Kc6 Bd3 134. Kd5 Bg6 135.
Ke5 Bh5 136. Kf4 Bf3 137. Bg1 Bd5 138. Ke5 Bc6 139. Kd6 Bb7 140. Kc7 Ba8 141.
Kb8 Bf3 142. Bd4 Be4 143. Kc7 Bb7 144. Kb6 Kf3 145. Bg1 Ke4 146. Kc5 Kf3 147.
Bd4 Kg4 148. Kb4 Bd5 149. Bg1 Kf3 150. Kc3 Bc4 151. Kd4 Ke2 152. Kc5 Bd3 153.
Kb4 Kf3 154. Kb3 Bb5 155. Ka3 Kg4 156. Bd4 1/2-1/2

[Event "?"]
[Site "ICS Rated blitz match, 192.23"]
[Date "1997.??.??"]
[Round "?"]
[White "Brause"]
[Black "humanoid"]
[Result "0-1"]
[WhiteElo "2550"]
[BlackElo "2350"]
[PlyCount "128"]

1. e4 e5 2. Nf3 Nc6 3. Nc3 Nf6 4. Nxe5 Nxe5 5. d4 Ng6 6. e5 Ng8 7. Bc4 f5 8.
Qh5 d6 9. e6 Nf6 10. Qxf5 Be7 11. O-O O-O 12. Qh3 c6 13. Bd3 d5 14. Rb1 Qd6 15.
Re1 Nf4 16. Bxf4 Qxf4 17. Ne2 Qd6 18. Ng3 g6 19. Re5 Kg7 20. c3 Qc7 21. Rd1 Bd6
22. Re3 Bxg3 23. Qxg3 Qxg3 24. fxg3 Re8 25. Rde1 b5 26. h3 a6 27. g4 h6 28. Re5
Nh7 29. R1e2 Ra7 30. e7 Ng5 31. Kh2 Nf7 32. R5e3 Nd6 33. Re1 Nc4 34. R3e2 Nd6
35. Re5 Nc4 36. Bxc4 bxc4 37. R5e2 Rb7 38. Kg3 Rc7 39. b4 Ra7 40. Re5 Rb7 41.
h4 Rb5 42. g5 h5 43. Rf1 Rb7 44. Rf6 Rbxe7 45. Rxc6 Rxe5 46. dxe5 Bf5 47. Kf4
Be4 48. Rxa6 Bxg2 49. a4 d4 50. Ra7+ Kg8 51. cxd4 Rc8 52. Ra6 c3 53. Rxg6+ Kf7
54. Rf6+ Kg7 55. Kg3 c2 56. Kxg2 c1=Q 57. Rf2 Qe3 58. e6 Qxe6 59. b5 Qg4+ 60.
Kh2 Rc1 61. Rf7+ Kxf7 62. g6+ Kxg6 63. a5 Qg1+ 64. Kh3 Rc3# 0-1

[Event "?"]
[Site "ICS Rated blitz match, 192.23"]
[Date "1997.??.??"]
[Round "?"]
[White "Brause"]
[Black "humanoid"]
[Result "0-1"]
[WhiteElo "2525"]
[BlackElo "2375"]
[PlyCount "118"]

1. e4 e5 2. Nf3 Nc6 3. Nc3 Nf6 4. Nxe5 Nxe5 5. d4 Ng6 6. e5 Ng8 7. Bc4 f5 8.
Qh5 d6 9. e6 Nf6 10. Qxf5 Be7 11. O-O O-O 12. Qh3 c6 13. Bd3 d5 14. Re1 Qd6 15.
Bxg6 hxg6 16. a4 Nh5 17. b3 Nf4 18. Qe3 Qxe6 19. Qd2 Qd7 20. f3 Bd6 21. Qf2 Qf7
22. Ra2 Bd7 23. Be3 Rae8 24. Kh1 Bb4 25. Bd2 Rxe1+ 26. Qxe1 Re8 27. Qd1 Qe6 28.
h3 Bxc3 29. Bxf4 Qe1+ 30. Qxe1 Rxe1+ 31. Kh2 Bxd4 32. a5 Be5 33. Kg3 Bxf4+ 34.
Kxf4 Re2 35. g4 Kf7 36. Kg5 Be6 37. Ra4 Rxc2 38. Rb4 Bc8 39. Rf4+ Kg8 40. Kxg6
Re2 41. h4 Re6+ 42. Kh5 c5 43. g5 d4 44. b4 b6 45. bxc5 bxc5 46. Rg4 Rh6+ 47.
gxh6 Bxg4+ 48. fxg4 d3 49. Kg6 gxh6 50. Kxh6 d2 51. Kg5 d1=Q 52. h5 c4 53. Kf4
c3 54. Kg5 c2 55. Kf5 c1=Q 56. g5 Qc5+ 57. Kf4 Qd2+ 58. Kf3 Qf5+ 59. Kg3 Qdf2#
0-1

[Event "?"]
[Site "ICS Rated blitz match, 192.23"]
[Date "1997.??.??"]
[Round "?"]
[White "Brause"]
[Black "humanoid"]
[Result "1-0"]
[WhiteElo "2500"]
[BlackElo "2400"]
[PlyCount "126"]

1. e4 e5 2. Nf3 Nc6 3. Nc3 Nf6 4. Nxe5 Nxe5 5. d4 Ng6 6. e5 Ng8 7. Bc4 f5 8.
Qh5 d6 9. e6 Nf6 10. Qxf5 Be7 11. O-O O-O 12. Qh3 c6 13. Bd3 d5 14. Rd1 Qd6 15.
Re1 Nf4 16. Bxf4 Qxf4 17. Ne2 Qc7 18. c3 Bd6 19. Ng3 Bxg3 20. hxg3 Qe7 21. Re5
b6 22. Rd1 a5 23. Qh4 Ra7 24. Bf5 g6 25. Bh3 Ne4 26. f3 Qxh4 27. gxh4 Nf6 28.
e7 Re8 29. Bxc8 Rxc8 30. Re6 Kf7 31. Rde1 Ne8 32. h5 Rd7 33. b4 axb4 34. cxb4
Rd6 35. hxg6+ hxg6 36. R6e5 b5 37. R1e3 Rd7 38. f4 Rcc7 39. f5 Rxe7 40. fxg6+
Kf6 41. Kf2 Rxe5 42. dxe5+ Kxg6 43. g4 Ng7 44. Kg3 Ne6 45. Re2 c5 46. Rf2 Rf7
47. Rd2 Rd7 48. bxc5 Nxc5 49. Rb2 Rb7 50. Rc2 Ne4+ 51. Kf4 Rf7+ 52. Ke3 Ra7 53.
Kd4 Kg5 54. Kxd5 Ng3 55. e6 Kxg4 56. Ke5 Kf3 57. Rc3+ Kf2 58. a3 Ne2 59. Rb3
Ra8 60. e7 Ng3 61. Ke6 Ne4 62. Rxb5 Kf3 63. Rb6 Ng5+ 1-0

[Event "?"]
[Site "ICS Rated blitz match, 192.23"]
[Date "1997.??.??"]
[Round "?"]
[White "Brause"]
[Black "humanoid"]
[Result "1-0"]
[WhiteElo "2515"]
[BlackElo "2385"]
[PlyCount "203"]

1. e4 e5 2. Nf3 Nc6 3. Nc3 Nf6 4. Nxe5 Nxe5 5. d4 Ng6 6. e5 Ng8 7. Bc4 f5 8.
Qh5 d6 9. e6 Nf6 10. Qxf5 Be7 11. O-O O-O 12. Qh3 c6 13. Bd3 d5 14. Rb1 Qd6 15.
Re1 Nf4 16. Bxf4 Qxf4 17. Rbd1 g6 18. Qe3 Qxe3 19. Rxe3 b6 20. f3 a5 21. b3 Ba6
22. Re5 Bxd3 23. Rxd3 Rae8 24. Ree3 Nh5 25. Na4 b5 26. Nb6 Rb8 27. Nd7 Rbc8 28.
Nxf8 Kxf8 29. Kf1 Ng7 30. Re2 Bf6 31. g4 Ke7 32. f4 Ke8 33. Kg2 Rd8 34. Kf2 Rd6
35. g5 Bd8 36. Rh3 Nh5 37. Kf3 Bb6 38. f5 Bxd4 39. f6 Rd8 40. Rh4 Bc3 41. a3 b4
42. axb4 axb4 43. h3 Ra8 44. Kf2 Kf8 45. Rg4 Ke8 46. Kf3 Kf8 47. h4 Ke8 48. Ke3
Kf8 49. Kf2 Ke8 50. Kf3 Kf8 51. Re3 Ke8 52. Ke2 Kf8 53. Kd3 Ke8 54. Rf3 Kf8 55.
Rh3 Ke8 56. Re3 Kf8 57. e7+ Kf7 58. Rf3 Rb8 59. Rg2 Ra8 60. Rgf2 Rb8 61. Ke3
Ra8 62. Rf1 Rb8 63. Kd3 Ra8 64. Re3 Rb8 65. Ke2 Ra8 66. Ref3 Rb8 67. Rc1 Ra8
68. Kd3 Rc8 69. Rd1 Ra8 70. Rdf1 Rc8 71. R3f2 Ra8 72. Rh2 Rc8 73. Rf3 Ra8 74.
Ke3 Rc8 75. Rh1 Ra8 76. Rd1 Rc8 77. Rf2 Ra8 78. Rg1 Rc8 79. Kd3 Ra8 80. Rb1 Rb8
81. Rf3 Ra8 82. Rd1 Rc8 83. Ke3 Ra8 84. Rc1 Rc8 85. Kd3 Re8 86. Rh1 Rb8 87. Ke2
Rg8 88. Rh2 Ra8 89. Kd3 Rc8 90. Re2 Re8 91. Ree3 Rg8 92. Re6 Rc8 93. Rd6 Re8
94. Rd8 Nxf6 95. gxf6 Rxe7 96. fxe7+ Kxe7 97. Rb8 Kd7 98. Rb7+ Kd6 99. Rxh7 Ke5
100. Rg7 Ke6 101. Rxg6+ Ke7 102. Rxc6 1-0

[Event "?"]
[Site "ICS Rated blitz match, 192.23"]
[Date "1997.??.??"]
[Round "?"]
[White "Brause"]
[Black "humanoid"]
[Result "0-1"]
[WhiteElo "2495"]
[BlackElo "2375"]
[PlyCount "173"]

1. e4 e5 2. Nf3 Nc6 3. Nc3 Nf6 4. Nxe5 Nxe5 5. d4 Ng6 6. e5 Ng8 7. Bc4 f5 8.
Qh5 d6 9. e6 Nf6 10. Qxf5 c6 11. O-O Be7 12. Bd3 O-O 13. Qh3 d5 14. Re1 Qd6 15.
Bxg6 hxg6 16. Bg5 Nh5 17. Qg4 Bxg5 18. Qxg5 Qf4 19. Qxf4 Nxf4 20. e7 Re8 21. b4
Kf7 22. b5 Rxe7 23. Rxe7+ Kxe7 24. g3 Ne6 25. Rd1 Bd7 26. Kg2 Kd6 27. bxc6 bxc6
28. Rd2 Rb8 29. a3 Rb2 30. h4 Bc8 31. Kf1 Ba6+ 32. Kg2 Rb8 33. Kf3 Rf8+ 34. Kg2
Bc8 35. f4 Nc7 36. Nd1 Re8 37. Kf2 Bf5 38. a4 Rb8 39. Ke3 Rb4 40. a5 Ra4 41.
Ke2 Rxa5 42. Ne3 Ra1 43. c4 Rh1 44. Kf2 Rh2+ 45. Ke1 Rxd2 46. Kxd2 Ne6 47. Kc3
Nc7 48. Kd2 Ne8 49. cxd5 cxd5 50. Kc3 Nf6 51. Kb4 Ng4 52. Nd1 Bc2 53. Nc3 a6
54. Na2 Bd3 55. Nc3 Bb5 56. Nxb5+ axb5 57. Kxb5 Ne3 58. Kb4 Nf5 59. Kc3 Nxg3
60. Kd2 Nf5 61. Kd3 Nxh4 62. Ke2 Ke6 63. Kf2 Kf5 64. Kg3 g5 65. fxg5 Kxg5 66.
Kf2 Nf5 67. Kf3 Nxd4+ 68. Ke3 Nf5+ 69. Kf3 d4 70. Ke4 Kg4 71. Kd3 Kf4 72. Ke2
g5 73. Kd3 g4 74. Kd2 g3 75. Ke2 Ke4 76. Ke1 d3 77. Kd2 g2 78. Kc3 g1=Q 79. Kb4
Qb6+ 80. Kc4 Nd6+ 81. Kc3 Qc5+ 82. Kb3 Qc4+ 83. Kb2 Nb5 84. Kb1 d2 85. Kb2 Qc3+
86. Ka2 Qa3+ 87. Kb1 0-1

[Event "?"]
[Site "ICS Rated blitz match, 192.23"]
[Date "1997.??.??"]
[Round "?"]
[White "Brause"]
[Black "humanoid"]
[Result "1-0"]
[WhiteElo "2470"]
[BlackElo "2400"]
[PlyCount "23"]

1. e4 e5 2. Nf3 Nc6 3. Nc3 Nf6 4. Nxe5 Nxe5 5. d4 Ng6 6. e5 Ng8 7. Bc4 f5 8.
Qh5 d6 9. g4 fxg4 10. Bd3 N8e7 11. Bg5 Rg8 12. Qxh7 1-0

[Event "?"]
[Site "ICS Rated blitz match, 192.23"]
[Date "1997.??.??"]
[Round "?"]
[White "Brause"]
[Black "humanoid"]
[Result "0-1"]
[WhiteElo "2495"]
[BlackElo "2375"]
[PlyCount "127"]

1. e4 e5 2. Nf3 Nc6 3. Nc3 Nf6 4. Nxe5 Nxe5 5. d4 Ng6 6. e5 Ng8 7. Bc4 f5 8.
Qh5 d6 9. g4 dxe5 10. gxf5 Nf6 11. Bf7+ Kxf7 12. fxg6+ hxg6 13. Qxh8 exd4 14.
O-O dxc3 15. bxc3 Bf5 16. Rb1 Qd5 17. Rb3 Re8 18. Qh4 Bd6 19. c4 Qc6 20. h3 Ne4
21. Bf4 Be7 22. Qh7 Bf6 23. Be3 Ng5 24. Bxg5 Bxg5 25. Ra3 Qe4 26. Ra5 Bh6 27.
Kh2 Qf4+ 28. Kg1 Qg5+ 29. Kh2 Re4 30. Ra3 Rh4 31. Qh8 Qh5 32. Qd8 Rxh3+ 33.
Rxh3 Qxh3+ 34. Kg1 Bf4 35. Qd5+ Be6 36. Qg2 Qxg2+ 37. Kxg2 Bxc4 38. Ra1 Be5 39.
Re1 Kf6 40. a3 a5 41. Kf3 b5 42. Ke4 Bb2 43. Re3 b4 44. axb4 a4 45. Rf3+ Ke7
46. Rg3 a3 47. Rxg6 a2 48. Rg1 a1=Q 49. Rxa1 Bxa1 50. Kf5 Bd4 51. f4 c6 52. Kg5
Be3 53. Kf5 Bd5 54. b5 cxb5 55. Ke5 Bc6 56. c3 Bd2 57. Kd4 Kd6 58. f5 Bd7 59.
c4 b4 60. f6 gxf6 61. Kd3 Bc3 62. Ke3 Kc5 63. Kd3 f5 64. Ke3 0-1

[Event "?"]
[Site "ICS Rated blitz match, 192.23"]
[Date "1997.??.??"]
[Round "?"]
[White "Brause"]
[Black "humanoid"]
[Result "1-0"]
[WhiteElo "2475"]
[BlackElo "2395"]
[PlyCount "83"]

1. e4 e5 2. Nf3 Nc6 3. Nc3 Nf6 4. Nxe5 Nxe5 5. d4 Ng6 6. e5 Ng8 7. Bc4 f5 8.
Qh5 d6 9. Bf4 Qh4 10. Qxh4 Nxh4 11. O-O Ng6 12. Nd5 Kd8 13. Bg5+ Be7 14. Nxe7
N8xe7 15. Rae1 h6 16. Bd2 d5 17. Bd3 c6 18. b3 Be6 19. Re2 Kd7 20. b4 b5 21. a4
a6 22. h3 Nf8 23. Ra1 g5 24. axb5 cxb5 25. Bxb5+ Kc7 26. Rxa6 Rxa6 27. Bxa6 Kb6
28. Bd3 Nd7 29. f4 Rg8 30. fxg5 hxg5 31. Re1 f4 32. Ra1 Nb8 33. b5 Bf5 34. Ba5+
Kb7 35. Bb4 Bxd3 36. cxd3 Nf5 37. Bc5 g4 38. Ra7+ Kc8 39. h4 Nxh4 40. b6 Nf5
41. e6 f3 42. e7 1-0

[Event "?"]
[Site "ICS Rated blitz match, 192.23"]
[Date "1997.??.??"]
[Round "?"]
[White "Brause"]
[Black "humanoid"]
[Result "1-0"]
[WhiteElo "2490"]
[BlackElo "2380"]
[PlyCount "27"]

1. e4 e5 2. Nf3 Nc6 3. Nc3 Nf6 4. Nxe5 Nxe5 5. d4 Ng6 6. e5 Ng8 7. Bc4 f5 8.
Qh5 d6 9. Bf4 Qh4 10. Qxh4 Nxh4 11. Bg5 Ng6 12. Nb5 Kd7 13. e6+ Kc6 14. d5+ 1-0